[Event "Lovfalds EMT 18th E"]
[Site "Ringsted"]
[Date "2004.09.18"]
[Round "3"]
[White "Jorgensen, Valdemar"]
[Black "Jakobsen, Henning"]
[Result "0-1"]
[WhiteElo "1200"]
[BlackElo "1131"]
[PlyCount "60"]
[EventDate "2004.09.17"]
[EventType "swiss"]
[EventRounds "7"]
[EventCountry "DEN"]
[SourceTitle "EXT 2023"]
[Source "ChessBase"]
[SourceDate "2022.10.05"]
[SourceVersion "1"]
[SourceVersionDate "2022.10.05"]
[SourceQuality "1"]

1. e4 c5 2. Nf3 d6 3. Bc4 e6 4. d3 Nf6 5. Nc3 a6 6. a3 Nbd7 7. Bd2 Be7 8. Bb3 0-0 9. 0-0 b5 10. Qe2 Bb7 11. Be3 Qc7 12. Rac1 Nb6 13. Nd1 d5 14. e5 Ng4 15. Bf4 c4 16. dxc4 dxc4 17. Ba2 Bxf3 18. gxf3 Nd5 19. Qe4 f5 20. Qd4 Bc5 21. Qd2 Nxe5 22. Bxe5 Qxe5 23. Re1 Qf6 24. c3 Qg6+ 25. Kh1 Qh5 26. Rxe6 Qxf3+ 27. Kg1 Qg4+ 28. Kf1 Nf4 29. Re5 Qg2+ 30. Ke1 Qg1# 0-1